| 000 | 00513nam a2200205Ia 4500 | ||
|---|---|---|---|
| 003 | 0100 | ||
| 008 | 130227s9999 xx 000 0 und d | ||
| 040 | _cARRUPELIB | ||
| 050 | _aHB3662.5A3A78 1994 | ||
| 100 | _aArum, Gilbert | ||
| 245 | _aTowards a comprehensive population policy | ||
| 260 | _aNairobi | ||
| 260 | _bPolicy and planning Department | ||
| 260 | _C1994 | ||
| 300 | _a50p. | ||
| 300 | _b 25cm. | ||
| 650 | _bLord's Supper - Congresses | ||
| 650 | _cAtonement - Congresses | ||
| 942 |
_2lcc _01 |
||
| 999 |
_c931 _d931 |
||